000 01091nam a22002537a 4500
005 20170124103047.0
010 _aB-240625
020 _c400.00
_a8171380875
035 _aB-240625
037 _bCen Lib/Ret
040 _aDPL
_bHN
082 _a
_bशर्माना
100 _aशर्मा, नासिरा
_969155
245 _aकुइयाँजान /
_cनासिरा शर्मा
246 _aKuyiyaanjaan /
_bby Nasira Sharma
260 _a नयी दिल्ली
_bसामायिक प्रकाशन
_c2007
270 _a3320-21, जटवाडा, नेताजी सुभाष मार्ग, दरयागंज
_b नयी दिल्ली
_e110002
300 _a146पृ.
_c19सेमी (सजिल्द )
650 _aहिंदी साहित्य
_x
_z
_969156
650 _aहिंदी साहित्य
_v
_xउपन्यास
_969157
650 _aHindi literature
_969158
650 _aHindi literature
_xfiction
_969159
942 _2ddc
_cHN
_h
_mशर्माना
999 _c116944
_d116944